000 00566nam a2200217Ia 4500
005 20260429112019.0
008 260429s9999||||xx |||||||||||||| ||und||
020 _a9781032939933
041 _aEnglish
082 _a345.54
_bMIS
100 _aMishra, Pragya
245 0 _aNeurolaw and criminal jurisprudence in India /
_cPragya Mishra
250 _a1st ed.
260 _aNew Delhi :
_bRoutledge,
_c2025.
300 _axii, 146 p.; pbk
650 _a Criminal law
650 _a India-Law
650 _a Jurisprudence
650 _aNeurolaw
942 _cTB
999 _c51893
_d51893